Music Quiz

Random Music or Kpop Quiz
Score 0/15 Timer 05:00
0 Plays Today
Lyric Song % Correct
Ey, oh, my god he’s a really bad boyRBB
85.5%
We’re so young we’re so freaky GO
81.7%
Betting on you I'm betting on youBAD
60.3%
I got this I’m truly finePalette
55.7%
You can’t touch me don’t touch me Roll Deep
53.4%
Don’t let’em in let’em in get out my zoneBermuda Triangle
35.1%
Don’t touch it we love it she’s dancing on the floor boom boom boom boomQUEEN
29.8%
All day all night baby 365Oh Nana
27.5%
Lyric Song % Correct
Every night I'll be with you do you love her?! do you love her?!Abracadabra
24.8%
‘Cause you you could be my only star you could be the moonlightForever
24%
Clouds are shrouding us in to the darkBABY
22.9%
Yeah in the club it’s getting ugly i don’t care can’t nobody stop the fire let them haters sit n stareFalling In Love
19.1%
They say love is blind oh baby you so blindThat XX
13.7%
Daydreaming in the midst of the night you brush my thoughts and sweep my sleep awayI Don't Know
7.3%
You know how much i love you, beautiful girlBaby Good Night
2.3%
Remove Ads.
Support Sporcle.
Get the best of Sporcle when you Go Orange. This ad-free experience offers more features, more stats, and more fun while also helping to support Sporcle. Thank you for becoming a member.

You're not logged in!

Compare scores with friends on all Sporcle quizzes.
OR
Log In

Show Comments

Extras

Top Quizzes Today


Score Distribution

Your Account Isn't Verified!

In order to create a playlist on Sporcle, you need to verify the email address you used during registration. Go to your Sporcle Settings to finish the process.

Report this User

Report this user for behavior that violates our Community Guidelines.

Details: